LEADER 01253nam a2200313 a 4500 001 000000134694 003 CaOOAMICUS 005 20130628105057.0 008 130628s2004 it u000 u ita r 020 $a88-88738-57-6 040 $aPUL$bita 245 00$aSettantasette :$bla rivoluzione che viene /$ca cura di Sergio Bianchi e Lanfranco Caminiti. 250 $a2. ed. 260 $aRoma :$bDeriveApprodi,$c2004. 300 $a427 p. ;$c23 cm 490 1 $aDeriveApprodi ;$v44 504 $aComprende bibliografia. 651 4$aItalia$xStoria$y1977.$0(OLS)http://pul/subject/39064 700 1 $aBianchi, Sergio.$0(OLS)http://pul/name/86779 700 1 $aCaminiti, Lanfranco.$0(OLS)http://pul/name/86780 830 0$aDeriveApprodi ;$v44.$0(OLS)http://pul/title/109999 850 $aPUL 852 $aPUL$W1$xDP1 Fondo E. Rossi$y115$m1 S 81$j154909$aRist. della 2. ed. del 2007$qFondi$B154458$CPULBib$Z2$F154458 $82 941 1 $a1 961 $aSul dorso collocazione ms. di E. Rossi: S 26 15 996 $6020$a88-88738-57-6$9(OLS)http://pul/number/153168 996 $6245$aSettantasette :$bla rivoluzione che viene$9(OLS)http://pul/title/170332 996 $6260$aRoma :$bDeriveApprodi$9(OLS)http://pul/publisher/76826 LEADER 01281nam a2200277 u 4500 001 000000027145 003 CaOOAMICUS 005 20070226111645.0 008 960112s1995 it a u000 u eng u 020 $a887210307X 035 $a10704068 040 $aBAV$bita$dPUL(R) 100 1 $aJohnson, Maxwell E.$0(OLS)http://pul/name/22259 245 14$aThe prayers of Sarapion of Thmuis :$ba literary, liturgical and theological analysis /$cMaxwell E. Johnson. 260 $aRoma :$bPontificio Istituto Orientale,$c1995. 300 $a298 p. ;$c24 cm 504 $a"Abbreviations and works cited in abbreviated form": p. 11-20. 600 04$aSerapion Thmuitanus,$d morto circa 362.$0(OLS)http://pul/subject/9698 610 24$aMone Megistes Lauras (Athos)$kMss.$n(149).$0(OLS)http://pul/subject/15771 850 $aPUL 852 $aPUL$W1$xSL Religione 1$y3$m25 G 249$j37823$nBK-PRI$b $qStampati$B37823$CPULBib$Z2$F37823 $H $81 941 1 $a8 961 $aINV: 74171 996 $6020$a887210307X$9(OLS)http://pul/number/33744 996 $6245$aThe prayers of Sarapion of Thmuis :$ba literary, liturgical and theological analysis$9(OLS)http://pul/title/37210 996 $6260$aRoma :$bPontificio Istituto Orientale$9(OLS)http://pul/publisher/50733